| 000 | 00513nam a2200145Ia 4500 | ||
|---|---|---|---|
| 008 | 230917s9999||||xx |||||||||||||| ||und|| | ||
| 040 |
_e171897 _aMAIN |
||
| 041 | _aEnglish | ||
| 082 | _a891.431721 SV24S | ||
| 100 | _aशास्त्री, विष्णु कान्त | ||
| 245 | 0 | _aसंकल्प सन्त्रास संकल्प | |
| 260 |
_aवाराणसी _bभारतीय ज्ञानपीठ प्रकाशन _c1972 |
||
| 300 | _a194 पृ. p. | ||
| 942 | _cHN | ||
| 999 |
_c129738 _d129738 |
||